| 000 | 02110nam0a2200421 4500 | ||
|---|---|---|---|
| 001 | RU\NLR\BIBL_A\022577927 | ||
| 005 | 20260420050322.0 | ||
| 010 |
_a978-5-00025-393-9 _91000 |
||
| 021 |
_aRU _bКН-П-25-027987 _9КН-П-25-2775 |
||
| 035 | _a(NLR Aleph) 022577927 | ||
| 090 |
_a13676667 _c13676667 |
||
| 100 | _a20250702d2025 u y0rusy50 ca | ||
| 101 | 0 | _arus | |
| 102 | _aRU | ||
| 105 | _ay z 000yy | ||
| 181 | 0 |
_ai _bxxxe |
|
| 182 | 0 | _an | |
| 200 | 1 |
_aКонцепции Карлоса Кастанеды в современной русской словесности: от Летова до Пелевина и Фрая _fРуслан Любарский |
|
| 203 |
_aТекст _bвизуальный _cнепосредственный |
||
| 210 |
_aСанкт-Петербург _cСкифия _d2025 |
||
| 215 |
_a311, [1] с. _d22 |
||
| 300 | _aНа задней сторонке пер. авт.: Р. В. Любарский – канд. филол. наук | ||
| 320 | _aБиблиогр.: с. 306–312 (94 назв.) и в подстроч. примеч. | ||
| 600 | 1 |
_aКастанеда _bК. _f1931 - 1998 _gКарлос _xи русская литература _92684577 _3RU\NLR\AUTH\6601762116 |
|
| 606 | 1 |
_aРусская советская литература _xСвязи _xАмериканская литература _92459548 _3RU\NLR\AUTH\661461609 |
|
| 686 | 1 | _aШ5(7США)6-4Кастанеда418.3 | |
| 686 | 1 | _aЮ3(7Ме)6 | |
| 686 | 2 | _aШ5(2=Р)7-318.3 | |
| 700 | 1 |
_aЛюбарский _bР. В. _gРуслан Васильевич |
|
| 702 | 1 |
_4280 _7ca _8rus _aКастанеда _bК. _f1931-1998 _gКарлос _9114791 _3RU\NLR\AUTH\774816 |
|
| 702 | 1 |
_4570 _7ca _8rus _aЛетов _bЕ. _f1964-2008 _gЕгор _999628 _3RU\NLR\AUTH\77116703 |
|
| 702 | 1 |
_4570 _7ca _8rus _aПелевин _bВ. О. _f1962- _gВиктор Олегович _9116818 _3RU\NLR\AUTH\776871 |
|
| 702 | 1 |
_4570 _7ca _8rus _aФрай _bМ. _gМакс _9110624 _3RU\NLR\AUTH\77578 |
|
| 942 | _cBOOK | ||
| 980 | _aNB | ||